Chansons les plus streamées : Daniel Balavoine - Statistiques

Statistiques générales
  • Ce quiz a été pris 237 fois
  • Le résultat moyen est 7 sur 10
Statistiques - réponses
Nb de streams Chanson % Correct
54 000 000 L'Aziza
88%
56 500 000 Le chanteur
87%
58 000 000 Mon fils ma bataille
82%
50 500 000 Tous les cris les S.O.S.
81%
18 500 000 S.O.S. d'un terrien en détresse
75%
38 500 000 Quand on arrive en ville
63%
21 500 000 Je ne suis pas un héros
61%
16 000 000 Sauver l'amour
44%
17 000 000 Vivre ou survivre
40%
17 000 000 La vie ne m'apprend rien
33%
Aucun quiz correspondant
Distribution des résultats
% des personnes avec chaque résultat
Percentile par nombre de réponses
Votre historique - résultats
Vous n’avez pas pris ce quiz